¿Se apoderará E.U.A. de Baja California? / (Record no. 52889)

MARC details
000 -CABECERA
campo de control de longitud fija 00627nam a2200181 a 4500
005 - FECHA Y HORA DE LA ÚLTIMA TRANSACCIÓN
campo de control 20210223123415.0
008 - ELEMENTOS DE LONGITUD FIJA--INFORMACIÓN GENERAL
campo de control de longitud fija 991125s1920 mx 000 0 spa u
035 ## - NÚMERO DE CONTROL DEL SISTEMA
Número de control de sistema UPN01000052889
049 ## - COLECCIÓN
Colección CE
050 #4 - SIGNATURA TOPOGRÁFICA DE LA BIBLIOTECA DEL CONGRESO
Número de clasificación E405.2
Número de documento/Ítem V4.2
100 1# - ASIENTO PRINCIPAL--NOMBRE PERSONAL
Nombre de persona Velasco Ceballos, Rómulo
9 (RLIN) 32229
245 11 - MENCIÓN DE TÍTULO
Título ¿Se apoderará E.U.A. de Baja California? /
Mención de responsabilidad, etc. R. Velasco Ceballos.
260 ## - PUBLICACIÓN, DISTRIBUCIÓN, ETC.
Lugar de publicación, distribución, etc. México :
Nombre del editor, distribuidor, etc. Imprenta Nacional,
Fecha de publicación, distribución, etc. 1920.
300 ## - DESCRIPCIÓN FÍSICA
Extensión 197 p., [30] h. de láms.
651 #4 - ASIENTO SECUNDARIO DE MATERIA - NOMBRE GEOGRAFICO
Nombre geográfico ESTADOS UNIDOS -
Subdivisión general HISTORIA -
Subdivisión cronológica GUERRA CON MEXICO, 1846-1848
9 (RLIN) 23767
651 #4 - ASIENTO SECUNDARIO DE MATERIA - NOMBRE GEOGRAFICO
Nombre geográfico MEXICO -
Subdivisión general HISTORIA -
Subdivisión cronológica INVASION NORTEAMERICANA, 1846-1848
9 (RLIN) 15833
905 ## - TIPO DE MATERIAL
Tipo de material Libro
Holdings
Estado de retiro Estado de pérdida Fuente del sistema de clasificación o colocación Estado dañado No para préstamo Código de colección Localización permanente Ubicación/localización actual Ubicación en estantería Total de préstamos Clasificación Código de barras Fecha visto por última vez Número de copia Tipo de ítem Koha
    Library of Congress Classification   Coleccion Esp. Colección Especial Bib. Gregorio Torres Quintero Bib. Gregorio Torres Quintero Colección Especial   E405.2 V4.2 44226 31/12/2020 1 Libro